Quyền im lặng từ quy tắc Miranda theo án lệ Hoa Kỳ đến vấn đề quyền im lặng trong Hiến pháp và pháp luật hình sự Việt Nam hiện nay (Tiếp theo) /
Đã lưu trong:
| Príomhúdar: | |
|---|---|
| Údair Eile: | |
| Formáid: | Bài viết |
| Teanga: | Vietnamese |
| Ábhair: | |
| Clibeanna: |
Cuir Clib Leis
Gan Chlibeanna, Bí ar an gcéad duine leis an taifead seo a chlibeáil!
|
| Thư viện lưu trữ: | Thư viện Trường Đại học Đà Lạt |
|---|
| LEADER | 00951nam a2200277 4500 | ||
|---|---|---|---|
| 001 | DLU210195942 | ||
| 005 | ##20210330 | ||
| 040 | # | # | |a DLU |b vie |
| 041 | # | # | |a vie |
| 044 | # | # | |a vn |
| 100 | # | # | |a Lương Văn Tuấn. |
| 245 | # | # | |a Quyền im lặng từ quy tắc Miranda theo án lệ Hoa Kỳ đến vấn đề quyền im lặng trong Hiến pháp và pháp luật hình sự Việt Nam hiện nay (Tiếp theo) / |c Lương Văn Tuấn, Trần Văn Duy. |
| 653 | # | # | |a Án lệ Hoa Kỳ |
| 653 | # | # | |a Hiến pháp năm 2013 |
| 653 | # | # | |a Luật hình sự |
| 653 | # | # | |a Quy tắc Miranda |
| 700 | # | # | |a Trần Văn Duy. |
| 773 | # | # | |t Nghề luật |g Số 3, 2016, tr. 106-108 |
| 920 | # | # | |a Phòng Tạp chí -- Trung tâm Thông tin - Thư viện Trường Đại học Đà Lạt |
| 900 | # | # | |a True |
| 911 | # | # | |a Nguyễn Thị Thu Phương |
| 925 | # | # | |a G |
| 926 | # | # | |a A |
| 927 | # | # | |a BB |
| 980 | # | # | |a Thư viện Trường Đại học Đà Lạt |